El sombrero / (Registro nro. 11900)

Detalles MARC
000 -LEADER
fixed length control field 00882nam a22002777a 4500
001 - CONTROL NUMBER
control field 000683
003 - CONTROL NUMBER IDENTIFIER
control field DO-SdBNP
005 - DATE AND TIME OF LATEST TRANSACTION
control field 20180209101927.0
007 - PHYSICAL DESCRIPTION FIXED FIELD--GENERAL INFORMATION
fixed length control field 000683
008 - FIXED-LENGTH DATA ELEMENTS--GENERAL INFORMATION
fixed length control field 161110b 2000 mx a ||||| |||| 00| 0 spa d
020 ## - INTERNATIONAL STANDARD BOOK NUMBER
International Standard Book Number 9681906608
040 ## - CATALOGING SOURCE
Original cataloging agency BPMSU
Language of cataloging spa
Transcribing agency BPMSU
100 1# - MAIN ENTRY--PERSONAL NAME
Personal name Ungerer, Tomi,
Dates associated with a name 1931-
240 1# - UNIFORM TITLE
Uniform title <a href="The hat.">The hat.</a>
Language of a work Español
245 10 - TITLE STATEMENT
Title El sombrero /
Statement of responsibility, etc. Tomi Ungerer ; traducción, Augustín Gervás.
260 ## - PUBLICATION, DISTRIBUTION, ETC. (IMPRINT)
Place of publication, distribution, etc. Maéxico :
Name of publisher, distributor, etc. Alfaguara,
Date of publication, distribution, etc. 2000.
300 ## - PHYSICAL DESCRIPTION
Extent 32 páginas sin numerar :
Other physical details il. ;
Dimensions 19 cm.
490 1# - SERIES STATEMENT
Series statement Infantil Alfaguara
500 ## - GENERAL NOTE
General note Para niños a partir de los 6 años.
500 ## - GENERAL NOTE
General note La biblioteca posee también la primera reimpresión: marzo de 2003
700 12 - ADDED ENTRY--PERSONAL NAME
Personal name Gervás, Augustín,
Relator term tr.
830 #0 - SERIES ADDED ENTRY--UNIFORM TITLE
Uniform title Infantil Alfaguara
942 ## - ADDED ENTRY ELEMENTS (KOHA)
Source of classification or shelving scheme Dewey Decimal Classification
Koha item type Libros
945 ## - LOCAL PROCESSING INFORMATION (OCLC)
a Inventariado, 2018 /LP
956 ## - LOCAL ELECTRONIC LOCATION AND ACCESS (OCLC)
Host name LOPEREZ
Access number 10
Compression information 20161110
Processor of request BPMSU
Existencias
Withdrawn status Lost status Source of classification or shelving scheme Damaged status Not for loan Collection code Home library Current library Date acquired Source of acquisition Total Checkouts Barcode Date last seen Price effective from Koha item type Copy number
    Dewey Decimal Classification     Colección Infantil General Biblioteca Pública Metropolitana Salomé Ureña Biblioteca Pública Metropolitana Salomé Ureña 11/10/2016 Alfaguara   BPMSU16111181 11/10/2016 11/10/2016 Libros  
    Dewey Decimal Classification     Colección Infantil General Biblioteca Pública Metropolitana Salomé Ureña Biblioteca Pública Metropolitana Salomé Ureña 11/10/2016 Alfaguara   BPMSU16111191 11/10/2016 11/10/2016 Libros ej. 2
    Dewey Decimal Classification     Colección Infantil General Biblioteca Pública Metropolitana Salomé Ureña Biblioteca Pública Metropolitana Salomé Ureña 11/10/2016 Alfaguara   BPMSU16111192 11/10/2016 11/10/2016 Libros ej. 3
    Dewey Decimal Classification     Colección Infantil General Biblioteca Pública Metropolitana Salomé Ureña Biblioteca Pública Metropolitana Salomé Ureña 02/09/2018 Alfaguara   BPMSU18020112 02/09/2018 02/09/2018 Libros ej. 4
    Dewey Decimal Classification     Colección Infantil General Biblioteca Pública Metropolitana Salomé Ureña Biblioteca Pública Metropolitana Salomé Ureña 02/09/2018 Alfaguara   BPMSU18020113 02/09/2018 02/09/2018 Libros ej. 5